The greatest hindi stories ever told / (Record no. 181806)

MARC details
000 -LEADER
fixed length control field 00501nam a22001697a 4500
005 - DATE AND TIME OF LATEST TRANSACTION
control field 20211006125254.0
010 ## - LCCN (DPL NO)
LC control number EN230921
020 ## - INTERNATIONAL STANDARD BOOK NUMBER
International Standard Book Number 9788194735304
Terms of availability 699.00
037 ## - SOURCE OF ACQUISITION
Source of stock number/acquisition Aleph Book Company
082 ## - DEWEY DECIMAL CLASSIFICATION NUMBER
Classification number S
245 ## - TITLE STATEMENT
Title The greatest hindi stories ever told /
Statement of responsibility, etc translated by Poonam Saxena
260 ## - PUBLICATION, DISTRIBUTION, ETC. (IMPRINT)
Place of publication, distribution, etc New Delhi
Name of publisher, distributor, etc Aleph Book Company
Date of publication, distribution, etc 2020
270 ## - ADDRESS
Address 7/16 Ansari Road,Daryaganj,
City New Delhi
Postal code 110002
300 ## - PHYSICAL DESCRIPTION
Extent xxi314p.
Dimensions 22cm(Hb)
700 ## - ADDED ENTRY--PERSONAL NAME
Personal name Saxena,Poonam
942 ## - ADDED ENTRY ELEMENTS (KOHA)
Source of classification or shelving scheme Dewey Decimal Classification
Item type English Books
Classification part S
Call number suffix GRE

No items available.


© Delhi Public Library
Hit Counter
free hit counter